000 01551nam0a2200349 4500
001 RU\NLR\BIBL_A\011946385
005 20190314153437.0
010 _a978-5-907114-50-0
_9300
021 _aRU
_bКН-П-19-004172
_9КН-П-19-0308
035 _a(NLR Aleph) 011946385
035 _a(RuMoRGB)009876088
090 _a11121532
_c11121532
100 _a20190225d2019 u y0rusy50 ca
101 1 _arus
_ceng
102 _aRU
105 _aa|||zzzz001zy
200 1 _aВеб-аналитика 2.0 на практике
_eтонкости и лучшие методики
_e[перевод с английского]
_fАвинаш Кошик
210 _aМосква
_aСанкт-Петербург
_cДиалектика
_d2019
215 _a526 с.
_cил.
_d24
300 _aЗагл. и авт. ориг.: Web analytics 2.0 / Avinash Kaushik
320 _aПредм. указ.: с. 523-526
454 0 _12001#$aWeb analytics 2.0
_1700#1$aKaushik$bA.$gAvinash
_tWeb analytics 2.0
_aKaushik, Avinash
606 1 _aINTERNET, глобальная информационная сеть
_xПрименение в экономике
_92242552
_3RU\NLR\AUTH\661345567
606 1 _aINTERNET, глобальная информационная сеть
_xПрименение в маркетинге
_92163030
_3RU\NLR\AUTH\661301621
686 1 _aУ.в612
686 1 _aУ5-361.4в612
700 1 _aКошик
_bА.
_gАвинаш
942 _cBOOK
980 _aNBR
980 _aNB